Films d'animation A-Z en images - Statistiques

Statistiques générales
  • Ce quiz a été pris 1 369 fois
  • Le résultat moyen est 18 sur 26
Statistiques - réponses
Par images Hint Réponse % Correct
A Aladdin
100%
B Bambi
100%
C Cars
100%
H Hercule
98%
G Garfield : Héros malgré lui
97%
S Shrek
96%
I Les Indestructibles
95%
R Raiponce
95%
T Toy Story
94%
D Dragons
93%
V Vaiana
93%
Z Zootopie
92%
W Wall-E
90%
M Moi moche et méchant
83%
L Là-haut
82%
F Fantasia
79%
U Un monstre à Paris
63%
P Princesse Mononoké
55%
K KPop Demon Hunters
44%
Y Your name
43%
J Jujutsu Kaisen 0
37%
O Oliver et Compagnie
35%
E Epic
31%
X X1999
28%
Q The Quintessential Quintuplets
7%
N Ne Zha
5%
Aucun quiz correspondant
Distribution des résultats
% des personnes avec chaque résultat
Percentile par nombre de réponses
Votre historique - résultats
Vous n’avez pas pris ce quiz